[Event "Havana Province Oeste zt"]
[Site "Havana"]
[Date "2009.10.07"]
[Round "4"]
[White "Arguelles, Hector"]
[Black "Rey Rodriguez, Yoanky"]
[Result "1/2-1/2"]
[WhiteElo "2175"]
[BlackElo "1982"]
[PlyCount "35"]
[EventDate "2009.10.03"]
[EventType "swiss"]
[EventRounds "9"]
[EventCountry "CUB"]
[SourceTitle "EXT 2012"]
[Source "ChessBase"]
[SourceDate "2011.11.24"]
[SourceVersion "1"]
[SourceVersionDate "2011.11.24"]
[SourceQuality "1"]

1. e4 e6 2. d4 d5 3. Nc3 Nf6 4. Bg5 Be7 5. e5 Nfd7 6. h4 a6 7. Qg4 Kf8 8. Rh3 h6 9. Bxe7+ Qxe7 10. Rg3 Rg8 11. 0-0-0 c5 12. Bd3 c4 13. Bh7 f5 14. Qf3 Rh8 15. Bxf5 exf5 16. Nxd5 Qd8 17. Qxf5+ Nf6 18. Qg6 1/2-1/2